• 首页
  • 本馆介绍
  • 公告通知
  • 最新文献
  • 馆藏检索
  • 电子资源
  • 读者导购
  • 参考咨询
  • 我的图书馆
  • 登录
  • 详细信息显示
  • 放入我的书架
  • 预约/预借图书
  • 作者相关作品
  • 分类相关作品
  • 丛书相关作品
  • 出版社相关作品

书目信息

  • 表格格式
  • 工作单格式
  • 卡片格式
题名:
社区合作经济论
    
 
作者: 汪海粟
分册:  
出版信息:    
页数: 134页
开本: 19cm
丛书名:
单 册:
中图分类: F121.24
科图分类:
主题词: 经济--中国
电子资源:
ISBN: 7-5058-1063-4
000 00480nam0 2200181 45
001 0308271043
005 20030827105609.4
010    @a7-5058-1063-4@dRMB11.00
100    @a20030827d km y0chiy0120 ea
101    @achi
105    @a z 000yy
200 1  @a社区合作经济论@Ashe qu he zuo jing ji lun@f汪海粟@Fwang hai su
215    @a134页@c无图表@d19cm
606 0  @a经济@x中国
690    @aF121.24@v3
701  0 @a汪海粟
801    @aCN@b@c20030827
905    @aBZT@dF121.24@e133
    
    社区合作经济论/汪海粟
    134页:无图表;19cm
    
    
    ISBN 7-5058-1063-4:RMB11.00
    
●
相关链接 在五车中查询图书 在当当中查询图书 在豆瓣中查询图书


正题名:社区合作经济论     索取号:F121.24/133         预约/预借

序号 登录号 条形码 馆藏地/架位号 状态 备注
1 83385   200509299   中心书库北库/ 北库007架A面3列5层14/ [索取号:F121.24/133] 在馆    
2 83386   200261242   中心书库北库/ 北库007架A面3列5层12/ [索取号:F121.24/133] 在馆    
3 83387   200509271   中心书库北库/ 北库007架A面3列5层15/ [索取号:F121.24/133] 在馆    
4 83388   200261233   中心书库北库/ 北库007架A面3列5层13/ [索取号:F121.24/133] 在馆    
5 83389   200509280   中心书库北库/ 北库007架A面3列5层11/ [索取号:F121.24/133] 在馆    
山东省滨州职业学院图书馆 欢迎您!
大连网信软件有限公司© 版权所有